Online
Catalog

Entre el crimen y el castigo. / (Record no. 52694)

MARC details
000 -CABECERA
campo de control de longitud fija 01508nam a2200277 a 4500
003 - IDENTIFICADOR DEL NÚMERO DE CONTROL
campo de control DO-SdBNP
005 - FECHA Y HORA DE LA ÚLTIMA TRANSACCIÓN
campo de control 20250916131945.0
007 - CAMPO FIJO DE DESCRIPCIÓN FÍSICA--INFORMACIÓN GENERAL
campo de control de longitud fija ta
008 - DATOS DE LONGITUD FIJA--INFORMACIÓN GENERAL
campo de control de longitud fija 221101e2003 ve ad||er|||| 001 fdspa d
020 ## - NÚMERO INTERNACIONAL ESTÁNDAR DEL LIBRO
Número Internacional Estándar del Libro 9803172034
040 ## - FUENTE DE LA CATALOGACIÓN
Centro catalogador/agencia de origen DO-SdBNP
Lengua de catalogación spa
Centro/agencia transcriptor BNPHU
082 #4 - NÚMERO DE LA CLASIFICACIÓN DECIMAL DEWEY
Número de edición 22
Número de documento/Ítem B663e
245 ## - MENCIÓN DE TÍTULO
Título Entre el crimen y el castigo. /
Mención de responsabilidad, etc. editor, Lilian Bobea
260 ## - PUBLICACIÓN, DISTRIBUCIÓN, ETC.
Lugar de publicación, distribución, etc. Caracas, Venezuela :
Nombre del editor, distribuidor, etc. Nueva Sociedad,
Fecha de publicación, distribución, etc. 2003
300 ## - DESCRIPCIÓN FÍSICA
Extensión 374 p. :
Otras características físicas il., gráf. ;
Dimensiones 23 cm.
500 ## - NOTA GENERAL
Nota general Incluye datos biográficos en la solapa de la cubierta y en las páginas 371 - 374
500 ## - NOTA GENERAL
Nota general Incluye bibliografía y notas al pié de páginas.
505 ## - NOTA DE CONTENIDO CON FORMATO
Nota de contenido con formato Prefacio. /
Mención de responsabilidad Lilian Bobea.--
Información miscelánea Introducción.
Título Perfil actual de la seguridad ciudadana e impacto en la gobernabilidad democrática. Aportes desde Latinoamérica. /
Mención de responsabilidad Joseph Tulchin, Graig Fagan.--
Título MARCOS CONCEPTUALES SOBRE LA SEGURIDAD CIUDADANA Y LA GOBERNABILIDAD.--
-- CONTEXTO REGIONAL DE LA SEGURIDAD CIUDADANA: ESTUDIOS DE CASOS.--
-- ESTADO DE DERECHO BAJO ESTADO DE SITIO: SISTEMAS DE ENFRENTAMIENTO Y MECANISMOS INSTITUCIONALES DE CONTROL.--
-- COMUNIDADES DE SEGURIDAD CIUDADANA: PERSPECTIVAS Y ESTRATEGIAS DE ABORDAJE DE POLITICAS PUBLICAS EFECTIVAS EN MATERIA DE SEGURIDAD.--
-- Epílogo.
590 ## - NOTA LOCAL (RLIN)
Nota local Inventariado 2022 / MF
650 #4 - PUNTO DE ACCESO ADICIONAL DE MATERIA--TÉRMINO DE MATERIA
9 (RLIN) 72694
Término de materia o nombre geográfico como elemento de entrada Seguridad pública
Subdivisión geográfica América Latina
650 #0 - PUNTO DE ACCESO ADICIONAL DE MATERIA--TÉRMINO DE MATERIA
Término de materia o nombre geográfico como elemento de entrada Problemas sociales
9 (RLIN) 9290
Subdivisión geográfica América Latina
650 #4 - PUNTO DE ACCESO ADICIONAL DE MATERIA--TÉRMINO DE MATERIA
9 (RLIN) 60521
Término de materia o nombre geográfico como elemento de entrada Violencia
Subdivisión geográfica América Latina
700 1# - PUNTO DE ACCESO ADICIONAL--NOMBRE DE PERSONA
9 (RLIN) 11661
Nombre de persona Bobea, Lilian
910 ## - DATOS DE OPCIÓN DEL USUARIO (OCLC)
Datos de opción del usuario MFeliz
942 ## - ELEMENTOS DE PUNTO DE ACCESO ADICIONAL (KOHA)
Fuente del sistema de clasificación o colocación Dewey Decimal Classification
Tipo de ítem Koha Libro
Holdings
Estado de retiro Estado de pérdida Fuente del sistema de clasificación o colocación Restricciones de uso No para préstamo Código de colección Localización permanente Ubicación/localización actual Ubicación en estantería Fecha de adquisición Fuente de adquisición Signatura topográfica completa Código de barras Fecha visto por última vez Precio válido a partir de Tipo de ítem Koha Identificador Uniforme del Recurso
    Dewey Decimal Classification Préstamo en sala   General Biblioteca Nacional Pedro Henríquez Ureña Biblioteca Nacional Pedro Henríquez Ureña En catalogación 20.04.2022 Donado por FACSO B663e 2022-4627 01.11.2022 01.11.2022 Libro  
    Dewey Decimal Classification Préstamo en sala   General Biblioteca Nacional Pedro Henríquez Ureña Biblioteca Nacional Pedro Henríquez Ureña En catalogación 20.04.2022 Donado por FACSO B663e 2022-4628 01.11.2022 01.11.2022 Libro e.2
    Dewey Decimal Classification Préstamo en sala   General Biblioteca Nacional Pedro Henríquez Ureña Biblioteca Nacional Pedro Henríquez Ureña En catalogación 20.04.2022 Donado por FLACSO B663e 2022-4632 01.11.2022 01.11.2022 Libro e.3
    Dewey Decimal Classification Préstamo en sala   General Biblioteca Nacional Pedro Henríquez Ureña Biblioteca Nacional Pedro Henríquez Ureña En catalogación 20.04.2022 Donado por FLACSO B663e 2022-4633 01.11.2022 01.11.2022 Libro e.4
    Dewey Decimal Classification Préstamo en sala   General Biblioteca Nacional Pedro Henríquez Ureña Biblioteca Nacional Pedro Henríquez Ureña En catalogación 20.04.2022 Donado por FLACSO B663e 2022-4634 01.11.2022 01.11.2022 Libro e.5

Powered by Koha